000
00193 a2200097 4500
020
_a
090129839438
041
_a
spa
100
_a
Jim Henson
245
_a
Una visita a la biblioteca
942
_c
BK
999
_c
28737
_d
28737